Shakespeare the two gentlemen of verona (Record no. 7998)

MARC details
000 -LEADER
fixed length control field 00448cam a2200193ua 4500
008 - FIXED-LENGTH DATA ELEMENTS--GENERAL INFORMATION
fixed length control field 150218n ii |||gr||||Z||||||eng
040 ## - CATALOGING SOURCE
Transcribing agency MAIN
041 ## - LANGUAGE CODE
-- eng
082 ## - DEWEY DECIMAL CLASSIFICATION NUMBER
Classification number 822.33
100 ## - MAIN ENTRY--PERSONAL NAME
Personal name Sen,
Relator term
245 1# - TITLE STATEMENT
Title Shakespeare the two gentlemen of verona
Statement of responsibility, etc. Edited by Sen
250 ## - EDITION STATEMENT
Edition statement 1st.
260 ## - PUBLICATION, DISTRIBUTION, ETC.
Place of publication, distribution, etc. Calcutta:
Name of publisher, distributor, etc. Dass,
Date of publication, distribution, etc. 1964.
300 ## - PHYSICAL DESCRIPTION
Extent 412p.
700 ## - ADDED ENTRY--PERSONAL NAME
Personal name Das,
Relator term
942 ## - ADDED ENTRY ELEMENTS (KOHA)
Koha item type Books
653 ## - INDEX TERM--UNCONTROLLED
Uncontrolled term English drama
Holdings
Withdrawn status Lost status Damaged status Not for loan Home library Current library Shelving location Date acquired Total Checkouts Full call number Barcode Date last seen Copy number Price effective from Koha item type
        Central Library, Naharkatiya College Central Library, Naharkatiya College General Stacks 19/09/2020   822.33 | SHA 5604 19/09/2020 2 19/09/2020 Books
        Central Library, Naharkatiya College Central Library, Naharkatiya College General Stacks 19/09/2020   822.33 | SHA 5888 19/09/2020 3 19/09/2020 Books
        Central Library, Naharkatiya College Central Library, Naharkatiya College General Stacks 19/09/2020   822.33 | SHA 5889 19/09/2020 1 19/09/2020 Books

Naharkatiya College © 2020. All rights reserved.

Powered By